Vývoj a predikcia zamestnanosti v EÚ podľa pohlavia, veku a vzdelanostnej úrovne

Analýza zamestnanosti v EÚ podľa vybraných oblastí: pohlavie, vek a vzdelanostná úroveň. Vývoj mier zamestnanosti v ôsmich rôznych kategóriách a prognózy ich vývoj na štyri nasledujúce roky na kvartálnej báze.

Salvato in:
Dettagli Bibliografici
Autore principale: Megyesiová, Silvia, 1969-
Altri autori: Rozkošová, Anna, Matisová, Viktória
Natura: Capitolo di libro
Lingua:slovacco
Soggetti:
Tags: Aggiungi Tag
Nessun Tag, puoi essere il primo ad aggiungerne!!

MARC

LEADER 00000nla a2200000 4500
001 0238890
005 20240502073851.6
041 0 |a slo 
044 |a SK 
245 1 0 |a Vývoj a predikcia zamestnanosti v EÚ podľa pohlavia, veku a vzdelanostnej úrovne  |c Silvia Megyesiová, Anna Rozkošová, Viktória Matisová 
520 |a Analýza zamestnanosti v EÚ podľa vybraných oblastí: pohlavie, vek a vzdelanostná úroveň. Vývoj mier zamestnanosti v ôsmich rôznych kategóriách a prognózy ich vývoj na štyri nasledujúce roky na kvartálnej báze. 
610 2 0 |a vzdelanie 
610 2 0 |a politika vzdelávania 
610 2 0 |a Európska únia 
610 2 0 |a zamestnanosť 
610 2 0 |a analýza ekonomická 
610 2 0 |a prognózy 
610 2 0 |a trh práce 
100 1 |a Megyesiová, Silvia, 1969- 
700 1 |a Rozkošová, Anna 
700 1 |a Matisová, Viktória